000 00698nam a22002537a 4500
003 LK-CoDNM
005 20241003111304.0
008 241003b |||||||| |||| 00| 0 eng d
040 _aLK-CoDNM
_dLK-CoDNM
_eLK-CoDNM
041 _aeng
080 _a104
_bNN48
100 _aHerzfeld, Ernst.
245 _aMemories of the Archaeological survey of India
250 _aKushano-Sasanian coins
260 _aCalcutta
_bGovernment printer
_c1930
300 _bv, 51p. : ill ; 30 cm
500 _aNo.38
650 _aMemories of the Archaeological survey of India
650 _aKushano-Sasanian coins
650 _aHerzfeld, Ernst.
650 _aNo.38
650 _a104 NN48
942 _cBK
999 _c217489
_d217489